Normal view MARC view
  • Gewerc Barujel, Adriana

Entry Nombre Personal

Number of records used in: 3

001 - NUMERO DE CONTROL

  • campo de control: 43539

003 - IDENTIFICADOR DE NUMERO DE CONTROL

  • campo de control: DLC

005 - FECHA Y HORA DE LA ÜLTIMA TRANSACCIÓN

  • campo de control: 20220215082015.0

008 - DATOS DE LONGITUD FIJA

  • campo de control de longitud fija: 120824n| acannaabn a aaa d

040 ## - FUENTE DE CATALOGACIÓN

  • Agencia original de catalogación: DLC
  • Lenguaje de catalogación: spa
  • Agencia de transcripción: DLC
  • Agencia que lo modifica: MX-MxUPN

100 1# - ENCABEZAMIENTO - NOMBRE PERSONAL

  • Nombre personal: Gewerc Barujel, Adriana

400 1# - VEÁSE - NOMBRE DE PERSONA

  • Personal name: Gewerc, Adriana

670 ## - FUENTE EN LA QUE SE LOCALIZARON DATOS

  • Cita de la fuente: El lugar de las TIC en la enseñanza universitaria, 2010:
  • Información localizada: portada (Adriana Gewerc Barujel)

670 ## - FUENTE EN LA QUE SE LOCALIZARON DATOS

  • Cita de la fuente: Conocimiento, tecnologías y enseñanza: políticas y prácticas universitarias, 2014:
  • Información localizada: portada (Adriana Gewerc)

902 ## - CATALOGADOR

  • Catalogador: VRC/081221